[Event "27th Seacost Trophy 2017"]
[Site "Eforie Nord"]
[Date "2017.06.22"]
[Round "4"]
[White "Kharitonov, Alexandr"]
[Black "Manolache, Marius"]
[Result "1-0"]
[WhiteElo "2547"]
[BlackElo "2507"]
[Annotator "TA"]
[PlyCount "137"]
[EventDate "2017.??.??"]
[EventType "swiss"]
[EventCountry "ROU"]
[SourceTitle "playchess.com"]
[Source "ChessBase"]
[SourceQuality "1"]

{[%evp 22,137,84,94,111,98,93,96,116,117,130,119,124,115,122,100,129,104,235,224,277,261,277,232,229,237,238,162,161,155,177,77,241,241,294,293,288,270,267,262,304,197,365,363,343,344,347,328,351,251,344,406,401,398,392,381,387,368,385,377,411,385,466,454,518,512,499,498,479,460,545,546,502,445,533,494,510,478,528,541,555,531,524,554,562,569,535,546,558,556,503,489,1987,1600,2828,2194,1759,1768,4849,4149,2893,2262,29970,29971,29971,29971,29973,29968,29985,29986,29989,29990,29991,29991,29995,29993,29993,29994]} 1. d4 Nf6 2. c4 c5 3. d5 g6 4. Nc3 Bg7 5. e4 d6 6. Bd3 O-O 7. h3 e6 8. Nf3 {[%cal Bg1f3,Bf3h2,Bh2f1,Bf1g3,Bg3f5][%mdl 32]} Na6 9. O-O Nc7 10. Re1 e5 11. Bg5 {E90: King's Indian: Classical: Early deviations and 6 h3} h6 (11... Bd7 12. a3 a5 13. b3 Qe8 14. Rb1 Nh5 15. b4 axb4 16. axb4 Na6 17. bxc5 Nxc5 18. Nb5 Bxb5 19. Rxb5 {½-½ (55) Timman,J (2593)-Klein,D (2517) Wijk aan Zee 2015}) 12. Be3 {LiveBook: 7 Games} Kh8 13. Nh2 $146 {White is better.} ({Predecessor:} 13. a3 Ng8 14. b4 b6 15. Re2 f5 16. bxc5 bxc5 17. Rb1 f4 18. Bc1 g5 {1-0 (46) Rain,R (2384)-Kariz,P (2394) ICCF email 2006}) 13... Nh5 14. Qd2 g5 15. Nf1 Nf4 16. Ng3 Rg8 17. Nf5 Bf8 18. Kh2 Bd7 19. g3 Ng6 (19... Nxd3 $16 {keeps fighting.} 20. Qxd3 Ne8) 20. Rh1 $18 Ne6 21. dxe6 fxe6 22. Bc2 exf5 23. exf5 Ne7 24. f6 (24. Qxd6 Bxf5 25. Qxd8 Rxd8 $14) 24... Nf5 25. Nd5 Be6 26. Qd3 (26. Bxf5 $18 {is more deadly.} Bxf5 27. h4) 26... Qd7 $2 (26... Rg6 $16) 27. g4 $1 {[%cal Rg4f5]} Bxd5 28. Qxd5 Nh4 29. Bxc5 Qc6 30. Be3 $1 Rc8 31. Bd3 $40 {[%mdl 128] White attacks with force.} h5 $2 (31... Qxd5 32. cxd5 Rc7 33. Bxa7 Rf7) 32. Rac1 (32. gxh5 Qxd5 33. cxd5 Rc7 $18) (32. Bxa7 Bh6 $18) 32... Bh6 33. Be4 (33. gxh5 Rgf8) 33... Rgf8 34. f7 (34. Bxa7 Rxf6 35. Be3 (35. gxh5 g4 $16) 35... Nf3+ 36. Kg2 Nh4+ 37. Kh2 Nf3+ 38. Kg2 Nh4+ 39. Kg3 Ng6 $18) 34... Rxf7 35. Rhd1 {And now c5 would win.} (35. Bxa7 Rf4 $16) (35. gxh5 Nf3+ 36. Kg3 Nh4 $18) 35... Rf6 36. c5 {[%cal Rc5d6]} (36. Bxa7 hxg4 37. hxg4 Ng6 $18) 36... Qxd5 37. Rxd5 ({Weaker is} 37. Bxd5 dxc5 38. Bxb7 (38. gxh5 b6 $16) 38... Rc7 $18) 37... dxc5 38. Rcxc5 Rxc5 39. Rxc5 ({Less strong is} 39. Bxc5 b6 $18) 39... hxg4 40. hxg4 b6 41. Rc7 Bf8 42. Kg3 Ng6 43. Bxg5 Rd6 44. Rxa7 Nf4 45. b3 Ne2+ 46. Kf3 Nd4+ 47. Kg2 Kg8 48. Be7 Bxe7 49. Rxe7 {[%mdl 4096] Endgame KRB-KRN} Ne2 50. Rxe5 Rd2 51. Bf3 Nc1 52. a4 Nd3 53. Rb5 Ne1+ 54. Kg3 Rd3 55. Rf5 Rxb3 56. g5 Ra3 (56... Kg7 $142 57. Kg4 Nd3) 57. Kg4 {White threatens Bd5+ and mate.} Rxa4+ 58. Kh5 {Threatening mate with Bd5+.} Nxf3 59. Rxf3 {KR-KR} Ra7 60. Rb3 Rf7 61. f3 {[%cal Bf2f3,Bf3f4,Bf4f5,Bf5f6,Bf6f7][%mdl 32]} b5 62. g6 {White mates.} Rb7 63. Kh6 b4 {[#]} 64. f4 $1 Rb5 65. Rd3 {[%cal Rd3d8]} Rb8 66. f5 b3 67. f6 ({Stronger than} 67. Rd1 b2 $11) 67... b2 68. f7+ Kf8 {[#]} 69. Rd7 $1 {Precision: White = 68%, Black = 37%.} 1-0

[Event "27th Seacost Trophy 2017"]
[Site "Eforie Nord"]
[Date "2017.06.22"]
[Round "4"]
[White "Nanu, Costica-Ciprian"]
[Black "Bulmaga, Irina"]
[Result "1-0"]
[WhiteElo "2509"]
[BlackElo "2415"]
[Annotator "TA"]
[PlyCount "81"]
[EventDate "2017.??.??"]
[EventType "swiss"]
[EventCountry "ROU"]
[SourceTitle "playchess.com"]
[Source "ChessBase"]
[SourceQuality "1"]

{[%evp 23,81,27,29,27,62,62,74,66,86,86,112,110,110,98,156,135,203,200,203,210,201,196,202,159,159,169,314,303,370,370,316,288,277,168,252,232,315,275,781,768,672,636,1064,676,877,855,1227,1216,1300,1291,1343,1303,1253,1165,1147,1118,29991,451,29991,29992]} 1. d4 Nf6 2. Nf3 g6 3. c4 Bg7 4. g3 O-O 5. Bg2 d6 6. O-O Nbd7 7. Nc3 e5 8. e4 exd4 9. Nxd4 Re8 10. Re1 Nc5 11. h3 Bd7 12. Bf4 h6 13. Kh2 {[#] E68: King's Indian: Fianchetto: 6...Nbd7 7 0-0 e5 8 e4} h5 $146 ({Predecessor:} 13... a5 14. Rb1 h5 15. Qd2 Nh7 16. h4 Bxd4 17. Qxd4 Ne6 18. Qd2 Nxf4 19. Qxf4 Bc6 20. Nd5 Bxd5 21. cxd5 {1-0 (62) Karpov,A (2628)-Harika,D (2528) Cap d'Agde 2016}) 14. Qd2 h4 15. g4 {White is better.} Nh7 16. Be3 a5 17. Rad1 Ne6 18. Kg1 Qc8 ({Black should play} 18... Nxd4 19. Bxd4 Bxd4 20. Qxd4 Bc6) 19. Nf3 g5 (19... Qd8 $16 20. e5 Bc6) 20. e5 $18 (20. Nxg5 Nexg5 21. Bxg5 Bxg4 $14) 20... Bc6 21. exd6 cxd6 22. Nd5 (22. Nxg5 $6 Nhxg5 23. Bxg5 Bxg2 $16) 22... Qd8 23. b3 a4 24. b4 b5 (24... Bxd5 $142 25. cxd5 (25. Qxd5 Bc3 $16) 25... Nef8) 25. cxb5 Bxb5 26. Nd4 Rb8 27. a3 Be5 28. Nc3 {[%cal Bd5c3,Bc3b5,Bb5d6][%mdl 32]} Bxd4 (28... Bd7 {was worth a try.} 29. Nf3 Bxc3 30. Qxc3 Rc8) 29. Bxd4 Nf4 30. Nxb5 Nxg2 $2 {[#]} (30... Rxe1+ 31. Rxe1 Nxg2 32. Kxg2 Rxb5) 31. Rxe8+ Qxe8 32. Nxd6 ({Weaker is} 32. Kxg2 Qxb5 33. Bb2 Rd8 $18) 32... Qc6 33. Be5 Rd8 34. Rc1 Qa8 35. b5 Nf4 36. Bxf4 gxf4 37. Qxf4 Qd5 38. Nf5 {[#] Black must now prevent Ne7+.} Qxb5 39. Rc7 {White wants to mate with Nh6+.} Rf8 40. Qh6 (40. Qd4 $142 Qxf5 41. gxf5 Ng5 42. Qg4 Kh8 43. Qh5+ Nh7 44. f6 Rd8 45. Qxf7 Rd1+ 46. Kg2 Rg1+ 47. Kxg1 Ng5 48. Qg7#) 40... Qe5 (40... Qb1+ $18 41. Kh2 Qb2 42. Ne7+ Kh8 43. Ng6+ Kg8 44. Qxh4 Qb6 45. Ne7+ (45. Nxf8 Qxc7+ 46. Qg3 Qxg3+ 47. Kxg3 Nxf8 $17) 45... Kg7) 41. Ne7+ {Precision: White = 77%, Black = 34%.} 1-0

[Event "27th Seacost Trophy 2017"]
[Site "Eforie Nord"]
[Date "2017.06.22"]
[Round "4"]
[White "Murariu, Andrei"]
[Black "Chircu, Vadim"]
[Result "1-0"]
[WhiteElo "2504"]
[BlackElo "2247"]
[Annotator "TA"]
[PlyCount "69"]
[EventDate "2017.??.??"]
[EventType "swiss"]
[EventCountry "ROU"]
[SourceTitle "playchess.com"]
[Source "ChessBase"]
[SourceQuality "1"]

{[%evp 17,69,0,0,-26,32,28,33,12,14,4,27,5,38,34,44,37,33,12,11,-18,0,-8,-6,-29,-21,-65,-41,-75,-47,-76,7,-82,0,-71,0,0,24,28,38,27,58,66,227,237,504,500,489,489,713,700,701,698,1045,1011]} 1. e4 e5 2. Nf3 Nc6 3. d4 exd4 4. Nxd4 Bc5 5. Nb3 Bb6 6. Nc3 Nf6 7. Bg5 h6 8. Bh4 d6 {C45: Scotch Game} 9. Bd3 Be6 {LiveBook: 9 Games} 10. Qe2 g5 (10... O-O $11) 11. Bg3 $14 Qe7 12. O-O-O O-O-O 13. Rhe1 Rhe8 14. Bb5 Bd7 (14... Bxb3 $5 15. Bxc6 bxc6 16. axb3 d5 $14) 15. f3 Kb8 {[#]} 16. Qd2 $146 ({Predecessor:} 16. a4 a6 17. Bxc6 Bxc6 {0-1 (57) Predke,A (2579)-Malakhov,V (2698) Novi Sad 2016}) 16... a6 17. Bf1 Qf8 18. h4 Qg7 (18... Nh5 $5 {[%cal Rh5g3]} 19. Bf2 Bxf2 20. Qxf2 f5 $11) 19. hxg5 hxg5 20. Na4 Ba7 21. c4 Nh5 22. Bh2 g4 23. c5 Ne5 (23... dxc5 $17 {Threatens to win with ...c4.} 24. Kb1 Bc8) 24. Qb4 (24. cxd6 $11 g3 25. Nac5 (25. dxc7+ $2 Kxc7 26. Bg1 Bxg1 $19)) 24... Nc6 (24... gxf3 25. cxd6 f2 26. Na5 $16 (26. dxc7+ Kxc7 27. Re2 Qg5+ 28. Kb1 Bxa4 $15)) (24... Bxa4 $1 $17 25. Qxa4 dxc5) 25. Qa3 (25. Qd2 $1 $11) 25... g3 (25... Bc8 $17 26. Kb1 {[#]} d5 $1 {[%mdl 512]}) 26. Bg1 $1 $11 dxc5 27. Rxd7 $40 {[%mdl 128] White has some attack.} Rxd7 28. Nbxc5 Rd4 29. Bxa6 $1 bxa6 $2 ({Much weaker is} 29... Bxc5 30. Nxc5 b6 31. Bxd4 $16) ({Black should try} 29... Rxa4 $14 30. Nd7+ Kc8 31. Qxa4 Qg5+ 32. Kb1 Qa5 33. Qxa5 Nxa5) 30. Qb3+ $18 Kc8 $2 (30... Rb4 31. Nxa6+ Ka8 32. Nxb4 Rb8) 31. Qb7+ {White is clearly winning.} Kd8 {[#] Strongly threatening ...Bxc5.} 32. Qxc6 ({Weaker is} 32. Bxd4 Nxd4 33. Qxa7 Qh6+ 34. Kb1 Qd2 $18) 32... Bxc5 (32... Qg6 $142 33. Qa8+ Ke7 34. Qxa7 Rc4+ 35. Nc3 Qc6) 33. Nxc5 Ke7 34. Nb3 Rd6 35. Qxc7+ {Precision: White = 47%, Black = 27%.} 1-0

[Event "27th Seacost Trophy 2017"]
[Site "Eforie Nord"]
[Date "2017.06.22"]
[Round "4"]
[White "Peptan, Corina-Isabela"]
[Black "Schitco, Ivan"]
[Result "1/2-1/2"]
[WhiteElo "2403"]
[BlackElo "2091"]
[Annotator "TA"]
[PlyCount "73"]
[EventDate "2017.??.??"]
[EventType "swiss"]
[EventCountry "ROU"]
[SourceTitle "playchess.com"]
[Source "ChessBase"]
[SourceQuality "1"]

{[%evp 10,73,25,-14,0,-37,-12,-14,-13,-30,-34,-47,-17,-25,-31,-65,-40,-50,-52,-54,-44,-45,11,-41,-39,-45,0,-58,-16,-19,-10,-16,0,0,0,0,-12,-14,-17,-17,0,0,0,-56,-49,-52,-44,-38,-8,-8,-8,-8,-8,-8,-8,-55,-34,-40,-20,-93,-82,-125,-125,-125,-125,-184]} 1. d4 Nf6 2. c4 c5 3. d5 e6 4. Nc3 exd5 5. Nxd5 Nxd5 6. Qxd5 d6 {A60: Modern Benoni: Early Divergences} (6... Nc6 7. Nf3 Be7 8. Bg5 O-O 9. Bxe7 Qxe7 10. a3 d6 11. e3 Be6 12. Qd2 Rad8 13. Qc3 d5 14. cxd5 Bxd5 {0-1 (69) Capellades Subirana,M (2259)-Munoz Pantoja,M (2486) Barcelona 2017}) 7. Bg5 (7. e3 {is interesting.} g6 8. Ne2 Bg7 9. Nf4 O-O 10. Be2) 7... Be7 8. Bxe7 Qxe7 {The position is equal.} 9. O-O-O $146 ({Predecessor:} 9. e3 Be6 10. Qd2 Nc6 11. Be2 O-O 12. Rc1 Rad8 13. Bf3 d5 14. cxd5 Bxd5 15. Bxd5 {0-1 (24) Bognar,C (2150)-Pongo,I (2040) Budapest 1998}) 9... Be6 10. Qe4 Nc6 11. e3 O-O-O 12. Nf3 f5 13. Qc2 g5 {[%cal Bg7g5,Bg5g4][%mdl 32]} 14. a3 g4 15. Nd2 f4 (15... Ne5 $15) 16. Bd3 (16. exf4 $11 Nd4 17. Qc3) 16... fxe3 $15 17. fxe3 d5 18. Rhe1 (18. Bf5 $11) 18... Kb8 19. cxd5 Bxd5 20. Be4 h5 (20... Rhe8 $5 {[%cal Rd5e4]} 21. Bxd5 Rxd5 $11) 21. Bxd5 Rxd5 22. Nc4 Rhd8 23. Rxd5 Rxd5 24. Rd1 Rxd1+ (24... Qe6 $5 {[%cal Rd5d1]} 25. Rxd5 Qxd5 $15) 25. Qxd1 Kc7 {Threatens to win with ...b5.} 26. Qd3 ({White should try} 26. Qf1 $11) 26... b5 27. Nd2 c4 28. Qe4 Qxe4 (28... Kb6 {is more complex.} 29. Qxe7 Nxe7 30. Ne4 Nd5 31. Kd2 a5) 29. Nxe4 {[%mdl 4096] Endgame KN-KN} Ne5 30. Kc2 h4 31. Kc3 Kc6 32. Nf6 Kc5 33. Ne4+ Kd5 34. Nf2 {[#]} (34. Nf6+ $11 Kc6 35. Nh5) 34... a5 $1 $17 {[%cal Ba7a5,Ba5b4][%mdl 32] Black is better.} 35. Kc2 {[#]} b4 $1 36. axb4 axb4 37. Kd2 {Precision: White = 42%, Black = 47%.} (37. Kc1 $17 {keeps fighting.}) 1/2-1/2

[Event "27th Seacost Trophy 2017"]
[Site "Eforie Nord"]
[Date "2017.06.22"]
[Round "4"]
[White "Soltanici, Ruslan"]
[Black "Istratescu, Andrei"]
[Result "0-1"]
[WhiteElo "2393"]
[BlackElo "2593"]
[Annotator "TA"]
[PlyCount "56"]
[EventDate "2017.??.??"]
[EventType "swiss"]
[EventCountry "ROU"]
[SourceTitle "playchess.com"]
[Source "ChessBase"]
[SourceQuality "1"]

{[%evp 21,56,0,15,0,0,-10,23,16,20,35,17,-12,-18,-96,-115,-187,-190,-203,-206,-269,-252,-269,-273,-309,-310,-346,-335,-326,-328,-343,-338,-325,-277,-289,-281,-273,-272]} 1. e4 c6 2. d4 d5 3. e5 Bf5 4. Nf3 {[%cal Bg1f3,Bf3h4,Bh4g2][%mdl 32]} e6 5. Be2 Nd7 6. O-O Ne7 7. Nh4 c5 8. c3 Be4 {B12: Caro-Kann: Advance Variation} 9. Nd2 Nc6 10. Nxe4 dxe4 11. g3 Be7 {LiveBook: 22 Games} 12. Ng2 (12. d5 $5 {[%cal Rd5c6]} Ncxe5 13. dxe6 fxe6 14. f4 exf3 15. Nxf3 $14) 12... Qb6 {[%cal Rc5d4]} (12... cxd4 13. cxd4 O-O 14. Be3 Nb6 15. a3 Qd7 16. Qd2 {0-1 (66) Vovk,A (2637)-Granda Zuniga,J (2672) Escaldes 2016}) 13. Be3 Qxb2 14. Rb1 Qxc3 {[%cal Rc5d4]} 15. Rb3 $146 ({Predecessor:} 15. Rxb7 cxd4 {1-0 (54) Mazur,S (2370)-Pacher,M (2477) Banska Stiavnica 2015}) 15... Qa5 16. Rxb7 (16. d5 {feels hotter.} exd5 17. Rxb7 d4 18. e6 fxe6 19. Bb5) 16... cxd4 17. Bb5 (17. Bxd4 $11 {keeps the balance.} Ndxe5 18. Bxe5 Nxe5 19. Qc2) 17... Ndxe5 $17 {aiming for ...0-0.} 18. Bxd4 {[#]} (18. f4 $17 {keeps fighting.} a6 19. Bd2) 18... O-O $1 $19 19. Bxe5 Nxe5 20. Qe2 Nf3+ {Black has a decisive advantage.} 21. Kh1 Bf6 {...Rab8 is the strong threat.} 22. Nf4 Nd4 23. Qc4 Rab8 24. Rxb8 Rxb8 25. a4 Nxb5 26. Rb1 a6 {[%cal Ba7a6,Ba6b5][%mdl 32]} 27. Qxe4 Qc7 28. axb5 axb5 {Precision: White = 26%, Black = 81%.} 0-1

[Event "27th Seacost Trophy 2017"]
[Site "Eforie Nord"]
[Date "2017.06.22"]
[Round "4"]
[White "Patrascu, Catalin-Lucian"]
[Black "Nevednichy, Vladislav"]
[Result "1/2-1/2"]
[WhiteElo "2253"]
[BlackElo "2533"]
[Annotator "TA"]
[PlyCount "118"]
[EventDate "2017.??.??"]
[EventType "swiss"]
[EventCountry "ROU"]
[SourceTitle "playchess.com"]
[Source "ChessBase"]
[SourceQuality "1"]

{[%evp 22,118,8,2,18,-25,-10,4,205,199,214,199,206,200,227,222,196,169,193,68,67,69,99,95,295,259,620,646,565,244,239,85,113,70,130,-8,42,52,50,58,67,68,63,74,89,83,81,81,73,75,73,0,0,0,0,0,0,-200,-174,-260,-252,-822,-757,-830,-754,-716,-608,-961,-276,-1405,-1287,-1659,-1643,-1247,0,-617,-104,-106,-68,-440,-405,-366,-358,-1012,-991,-944,-741,-590,0,0,0,0,0,0,0,-504,0,-342,0]} 1. e4 c5 2. Ne2 Nc6 3. d4 cxd4 4. Nxd4 Nf6 5. Nc3 d6 6. Bg5 e6 7. Qd2 a6 8. O-O-O Bd7 9. f4 Be7 10. Nf3 b5 11. Bd3 b4 12. Ne2 {[%cal Bc3e2,Be2f4,Bf4e6][%mdl 32]} Qb6 {B68: Sicilian: Richter-Rauzer: 7...a6 8 0-0-0 Bd7 9 f4 Be7} 13. f5 $146 ({Predecessor:} 13. Kb1 Ng4 14. Bxe7 Nxe7 15. Ned4 Nc6 16. h3 Nf6 17. Nxc6 Bxc6 18. Rhe1 O-O 19. g4 a5 20. Ng5 {0-1 (37) Can,E (2455)-Mamedov,N (2614) Chalkida 2009}) 13... a5 14. Nf4 {With the idea Bxf6.} Qc5 $2 (14... a4 $11 {and Black is okay.}) 15. Nxe6 $1 $18 fxe6 16. Be3 b3 17. a3 (17. Bxc5 bxa2 18. Qe2 a1=Q+ $17) 17... bxc2 18. Bxc5 cxd1=Q+ 19. Rxd1 dxc5 20. Bc4 (20. fxe6 $18 Bxe6 21. Bb5) 20... e5 $14 21. Qg5 O-O-O 22. Qxg7 Rhf8 $2 (22... Rhe8 $16) 23. Nxe5 Nh5 $2 (23... Nxe5 24. Ba6+ (24. Qxe7 Nxc4 25. e5 Rde8 $11) 24... Kc7) 24. Qh6 $18 (24. Rxd7 Rxd7 25. Ba6+ Kc7 $17) 24... Rf6 25. Qxh5 (25. Ba6+ $142 Kc7 26. Qxh7 (26. Rxd7+ Rxd7 27. Qxh5 Nxe5 $11) (26. Qxh5 Nxe5 27. Qxh7 Re8 $18)) 25... Nxe5 26. Bd5 $2 (26. Qxh7 $18 Re8 27. Rxd7 $1 {[%mdl 512]} Nxd7 28. Be6) 26... Rb6 $16 27. Be6 Bf6 (27... Bxe6 $14 28. Rxd8+ (28. fxe6 Rxd1+ 29. Qxd1 Rd6 $16) 28... Kxd8 29. fxe6 Rxe6) 28. Qxh7 ({White should play} 28. Qh6 $16 Bxe6 29. Rxd8+ (29. fxe6 Rxe6 30. Qh3 Rxd1+ 31. Kxd1 Kd7 $14) 29... Bxd8 30. fxe6) 28... c4 29. Bxd7+ Rxd7 30. Rxd7 Nxd7 31. Qg8+ Kc7 32. Kd1 Rd6+ 33. Ke2 Rc6 34. Qd5 Rc5 35. Qd2 Rb5 36. Kf3 (36. Kd1 $1 $16) 36... Bxb2 $11 37. a4 Rb3+ (37... Bc3 $5 {[%cal Rc3d2]} 38. Qh6 (38. Qxc3 Rb3 $15) 38... Rb6 $11) 38. Kg4 Bc3 39. Qh6 $2 (39. Qc1 $11) 39... Bf6 $1 $19 {[%mdl 1024] Black has strong compensation.} 40. Qd2 (40. e5 $142 Nxe5+ 41. Kh5) 40... c3 $1 {[%cal Rc3d2]} 41. Qd5 $2 (41. Qf2 Rb4 42. Qa7+ Kc6 43. Qa8+ (43. Qxa5 $2 c2 $19) 43... Kb6 44. Kh5) 41... Rb6 42. Qd1 Rc6 43. Qc2 Ne5+ 44. Kf4 {[#]} Nc4 $2 (44... Nd3+ $1 {[%mdl 512]} 45. Qxd3 c2) 45. g4 $2 (45. Qb3) 45... Be5+ 46. Kg5 Ne3 47. Qb3 Nc4 (47... Ng2 $142 48. Kh5 c2 49. Qf7+ Kb6 50. Qb3+ Ka7) 48. Qc2 $1 Nd6 $2 (48... Nd2 $19 {is more deadly. And now ...Nf3+ would win.} 49. Kh5 Nf3) 49. Kh5 $17 Rb6 {Strongly threatening ...Rb2.} ({Don't play} 49... Rc4 $6 50. Kg6 $11) 50. f6 $2 {[%mdl 8192]} (50. Qc1 $1 $15) 50... Bxf6 $19 (50... Rb2 $2 51. Qc1 $17) 51. Qf2 Rc6 {Hoping for ...c2.} 52. Qxf6 $2 {[%mdl 4096] Endgame KQ-KRN} (52. Qc2 Nxe4 53. h3 (53. Qxe4 $2 c2 $19)) 52... c2 53. Qg7+ Kc8 54. Qh8+ {[#]} Kd7 $2 (54... Kb7 $1 $19 55. Qb2+ Ka7) 55. Qg7+ $11 Ke6 56. Qg8+ $1 Kd7 57. Qg7+ Kc8 $2 {[%mdl 8192]} (57... Ke6 $11 58. Qh6+ Kd7 59. Qg7+) 58. Qh8+ $1 $19 Kc7 59. Qg7+ Kc8 $2 {Precision: White = 37%, Black = 54%.} (59... Kb8 $19 60. Qb2+ Kc7 61. Qg7+) 1/2-1/2

[Event "27th Seacost Trophy 2017"]
[Site "Eforie Nord"]
[Date "2017.06.22"]
[Round "4"]
[White "Dragomirescu, Angela"]
[Black "Stejeroiu, Vlad"]
[Result "1-0"]
[WhiteElo "2228"]
[BlackElo "2065"]
[Annotator "TA"]
[PlyCount "73"]
[EventDate "2017.??.??"]
[EventType "swiss"]
[EventCountry "ROU"]
[SourceTitle "playchess.com"]
[Source "ChessBase"]
[SourceQuality "1"]

{[%evp 13,73,8,47,49,72,69,83,93,205,185,205,214,360,366,386,345,371,338,342,340,355,261,270,227,236,230,272,290,279,250,371,371,359,279,309,292,370,366,337,333,321,311,317,293,370,360,375,359,442,369,470,482,457,411,502,500,543,565,534,531,597,581]} 1. d4 d5 2. c4 dxc4 3. e3 e6 4. Bxc4 Nf6 5. Nf3 a6 6. Bb3 Nbd7 7. O-O c5 8. e4 {[%cal Be3e4,Be4e5][%mdl 32] D27: Queen's Gambit Accepted: Classical main line: 7 e4!? and 7 a4} cxd4 (8... Nxe4 9. Re1 Nd6 10. d5 e5 11. Nxe5 Nxe5 12. f4 Nf5 13. Nc3 c4 14. Rxe5+ Be7 15. Bxc4 O-O {½-½ (32) Ochsner,B (2436)-Rasmussen,A (2547) Ballerup 2017}) 9. e5 Ne4 10. Qxd4 {White is better.} Ndc5 (10... Nec5 $16) 11. Qxd8+ $18 Kxd8 12. Bc2 f5 (12... a5 $142 13. Re1 f5 14. exf6 Nxf6) 13. Nd4 h6 $146 ({Predecessor:} 13... Nd7 14. Nxe6+ Ke7 15. Nc7 Rb8 16. Bxe4 {1-0 (16) Akshat,K (2287)-Vishal,S (1875) Mumbai 2008}) 14. b4 Bd7 15. bxc5 Bxc5 16. Bb2 Rc8 17. Bb3 Ke7 18. Ba3 b5 {If Black can now play ...b4 this consolidates a bit.} 19. Bxc5+ Rxc5 20. f3 Ng5 21. Nd2 Rhc8 (21... Rd8 $142 22. Rfd1 Bc8) 22. f4 Nf7 23. Ne2 g5 24. g3 {[%cal Bg2g3,Bg3f4][%mdl 32]} gxf4 25. gxf4 a5 26. Rfc1 a4 27. Rxc5 Rxc5 28. Bd1 Rd5 29. Nf3 Rd3 30. Ned4 b4 31. Rb1 Nd8 32. Be2 Ra3 33. Rb2 Nc6 34. Kf2 {White is clearly winning.} Na5 35. Nc2 Rc3 36. Nxb4 Nc4 37. Rc2 {Precision: White = 77%, Black = 37%.} 1-0

[Event "27th Seacost Trophy 2017"]
[Site "Eforie Nord"]
[Date "2017.06.22"]
[Round "4"]
[White "Martinovici, Ilie"]
[Black "Itkis, Boris"]
[Result "0-1"]
[WhiteElo "2097"]
[BlackElo "2371"]
[Annotator "TA"]
[PlyCount "126"]
[EventDate "2017.??.??"]
[EventType "swiss"]
[EventCountry "ROU"]
[SourceTitle "playchess.com"]
[Source "ChessBase"]
[SourceQuality "1"]

{[%evp 15,126,-33,-22,-31,-9,0,0,0,3,0,7,-52,-52,-53,-50,-47,-8,-16,-6,-29,-10,-16,0,0,13,0,45,46,58,54,149,0,84,72,69,12,64,38,72,0,0,0,14,-89,-83,-74,-79,-106,-8,-7,27,0,-12,-47,-51,-48,0,0,0,-27,0,-52,-47,-375,-369,-382,-391,-467,-463,-453,-410,-474,-462,-453,-427,-878,-875,-860,-851,-860,-866,-799,-772,-1368,-1346,-12839,-12839,-12839,-12837,-12841,-12837,-12843,-12843,-12844,-12844,-12845,-12843,-12845,-12843,-12844,-12842,-12844,0,-12844,-12843,-12844,-12844,-12845,-12845,-12845,-12846,-12846,-12846]} 1. d4 Nf6 2. c4 e6 3. g3 c5 4. Nf3 cxd4 5. Nxd4 d5 {[%cal Bd7d5,Bd5d4][%mdl 32]} 6. Bg2 e5 7. Nc2 d4 8. O-O Nc6 9. Bg5 {E01: Catalan: Early deviations} Be7 10. e3 (10. Nd2 O-O 11. Ne1 Be6 12. Bxf6 Bxf6 13. Nd3 Qc8 14. b4 Bh3 15. Bxh3 Qxh3 16. b5 Ne7 {0-1 (33) Dubov,D (2619)-Chernobay,A (2501) Loo 2014}) 10... h6 $146 ({Predecessor:} 10... Bg4 11. Qd2 d3 12. Nca3 Be2 13. Re1 O-O 14. Bxf6 gxf6 15. Rxe2 Bb4 16. Qd1 dxe2 17. Qxe2 {0-1 (43) Rezan,S (2416)-Zaja,I (2452) Rabac 2004}) 11. Bxf6 {The position is equal.} Bxf6 12. exd4 exd4 13. Qe1+ ({Better is} 13. Re1+ $11 Be6 14. Qd3) 13... Be6 $15 14. Nb4 O-O 15. Nd5 Ne5 (15... Re8 {is interesting.} 16. Qd2 Ne5 17. b3 Bg4 18. f3 Be6) 16. b3 Bxd5 17. cxd5 Rc8 18. Nd2 Nd3 (18... Re8 $5 {[%cal Re5f3]}) 19. Qe2 Nc5 20. Rad1 d3 21. Qg4 Bc3 22. Nb1 Qa5 {[#]} (22... Be5 $14) 23. Rc1 (23. a3 $1 $16 Bb2 24. b4) 23... f5 (23... Bb2 $1 $11 24. b4 Qa4) 24. Qc4 $16 Bb4 25. d6+ (25. Qd4 $14) 25... Kh7 (25... Kh8 $1 $11) 26. Qd5 {Strongly threatening a3.} (26. a3 $5 Bxa3 27. Nxa3 Qxa3 28. Qd5 $11) 26... Qxa2 27. Bh3 (27. d7 $16 Rcd8 28. Rxc5 Bxc5 29. Qxc5) 27... g6 $1 $11 28. Rc4 a5 {aiming for ...b6.} 29. Bg2 {[#]} (29. g4 $11 fxg4 30. Bxg4) 29... b6 $1 $17 30. Nc3 Bxc3 $1 31. Rxc3 Qe2 (31... Qb2 $17 32. Rxd3 Nxd3) 32. Bf3 $132 {[%mdl 2048] White has counterplay} Qe8 {And now ...Rd8 would win.} 33. d7 (33. Rxd3 $5 {[%cal Rd3e3]} Qf7 34. Re1 Qxd5 35. Rxd5 $11) 33... Nxd7 34. Rxd3 Nc5 35. Re3 Qf7 36. Qd6 $1 Qf6 37. Rd1 Rf7 38. Qf4 ({White should try} 38. Qxf6 $11 Rxf6 39. Re7+ Kh8 40. h4) 38... Rd8 39. Rc1 $2 {[%mdl 8192]} ({White should play} 39. Rxd8 $15 Qxd8 40. Kg2) 39... Nd3 $19 40. Rxd3 Rxd3 41. Rc6 Qd4 42. Qxd4 Rxd4 43. Rxb6 {[%mdl 4096] Endgame KRR-KRB} Ra7 44. Be2 Rb4 45. Rxb4 (45. Rb5 $142) 45... axb4 {KR-KB} 46. Kg2 Ra2 47. Kf3 Kg7 48. Ke3 Kf6 49. h4 g5 50. hxg5+ hxg5 51. Bc4 Rc2 52. Bg8 g4 53. Bc4 Ke5 54. Bf7 Rc3+ 55. Ke2 Ke4 56. Be6 Rc2+ 57. Ke1 Rb2 58. Bc4 Rc2 59. Be6 $1 Rc6 {Black is clearly winning.} 60. Bd7 Rc5 61. Ke2 Rc2+ 62. Ke1 Kf3 63. Bxf5 Re2+ {Precision: White = 36%, Black = 41%.} 0-1